250120 - Quiz quotidien du 20 janvier 2025 - Statistiques

Statistiques générales
  • Ce quiz a été pris 38 fois
  • Le résultat moyen est 5 sur 10
Statistiques - réponses
Question Réponse % Correct
Comment Ivan IV de Russie est-il plus communément connu ? Ivan le Terrible
100%
Quel était le nom du premier satellite artificiel lancé dans l'espace ? Spoutnik 1
100%
De quel type de produit Le Creuset est-il connu ? Ustensiles de cuisine
100%
Combien de cordes une guitare acoustique standard possède-t-elle ? 6
67%
Quel film se déroule dans le royaume d'Arendelle ? La Reine des Neiges
67%
Où Léonidas et les 300 spartiates ont-ils fait leur dernier combat contre l'armée perse ? Thermopyles
33%
Quelle ville les forces britanniques ont-elles incendiée pendant la guerre de 1812 ? Washington D.C.
33%
Quel élément tire son nom d'un mot grec signifiant "vert-jaune" ? Chlore
0%
Où se trouve Olympus Mons ? Mars
0%
Lequel de ces éléments n'est PAS nommé d'après son inventeur ? Teddy bear
0%
Aucun quiz correspondant
Distribution des résultats
% des personnes avec chaque résultat
Percentile par nombre de réponses
Votre historique - résultats
Vous n’avez pas pris ce quiz